| 000 | 00539nam a22001937a 4500 | ||
|---|---|---|---|
| 005 | 20251108172804.0 | ||
| 008 | 250721s2003 xx 000 0 ara d | ||
| 082 | 1 | 4 | _aم/217.4/حنا |
| 100 | 1 | _aالحنائي، علي | |
| 245 | 1 | 0 | _aطبقات الحنفية / |
| 264 | 1 |
_aعمان : _bدار ابن الجوزي، _c2003. |
|
| 300 | _a398ص | ||
| 650 | 1 | 7 | _aالمذهب الحنفي |
| 650 | 1 | 7 | _aالاسلام |
| 650 | 1 | 7 | _aفقه السنه |
| 650 | 1 | 7 | _aالفقه الاسلامي |
| 942 |
_2ddc _cREF |
||
| 999 |
_c88520 _d88520 |
||